Các nhân tố ảnh hưởng đến nhu cầu vay vốn của doanh nghiệp siêu nhỏ tại Ngân hàng Thương mại cổ phần Đầu tư và Phát triển Việt Nam - Chi nhánh Trà Vinh Luận văn thạc sĩ. Chuyên ngành: Quản trị Kinh doanh. Mã ngành: 8340101

Tallennettuna:
Bibliografiset tiedot
Päätekijä: Nguyễn, Phương Thành
Yhteisötekijät: Ủy ban Nhân dân tỉnh Trà Vinh, Trường Đại học Trà Vinh
Muut tekijät: Nguyễn Phương Thành; Ngô Quang Huân
Kieli:Undetermined
Julkaistu: Trà Vinh Trường Đại học Trà Vinh 2019
Aiheet:
Tagit: Lisää tagi
Ei tageja, Lisää ensimmäinen tagi!
Thư viện lưu trữ: Trung tâm Học liệu Trường Đại học Trà Vinh
LEADER 01206nam a2200289Ia 4500
001 TVU_32059
008 210423s9999 xx 000 0 und d
041 |a Vie 
082 |a 332.1753 
082 |b Th107 
100 |a Nguyễn, Phương Thành 
245 0 |a Các nhân tố ảnh hưởng đến nhu cầu vay vốn của doanh nghiệp siêu nhỏ tại Ngân hàng Thương mại cổ phần Đầu tư và Phát triển Việt Nam - Chi nhánh Trà Vinh 
245 0 |b Luận văn thạc sĩ. Chuyên ngành: Quản trị Kinh doanh. Mã ngành: 8340101 
245 0 |c Nguyễn Phương Thành ; Ngô Quang Huân (hướng dẫn khoa học) 
260 |a Trà Vinh 
260 |b Trường Đại học Trà Vinh 
260 |c 2019 
300 |a xi, 51, 22 tr. 
300 |b minh họa 
300 |c 30 cm 
504 |a Thư mục: tr. 49-51 
650 |a Vay ngân hàng; Ngân hàng và hoạt động ngân hàng; Tín dụng ngân hàng 
700 |a Nguyễn Phương Thành; Ngô Quang Huân  
700 |e hướng dẫn khoa học 
710 |a Ủy ban Nhân dân tỉnh Trà Vinh 
710 |b Trường Đại học Trà Vinh 
980 |a Trung tâm Học liệu Trường Đại học Trà Vinh